| 000 | 00339nam a22001337a 4500 | ||
|---|---|---|---|
| 008 | 190305b xxu||||| |||| 00| 0 eng d | ||
| 020 | _a9780072865264 | ||
| 041 | _aeng | ||
| 080 |
_22nd _a339.138 |
||
| 100 | _a60 | ||
| 101 | _aMAR | ||
| 245 |
_aInternet Marketing building advantage in networked economy _cMohammed,R.A |
||
| 942 |
_2udc _cBK |
||
| 999 |
_c54462 _d54462 |
||